00250nam a22000977a 4500003000400000082001400004100003900018245005900057260002800116300000800144SGT a158.1,CHI aचिरंजीव सिंह aयह जन्म तुम्हारे लेख bCHAND PRABHU PUB.c2015 a180